000 00876nam a22002657a 4500
999 _c13717
_d13717
003 MIRAKIL
005 20200117124154.0
008 200117b tu ||||| |||| 00| 0 tur d
020 _a9789944337595
040 _aTR-AnCHP
_cTR-AnCHP
041 _atur
082 _a297.197
_bE62n 2018
100 _aErdem, Eren
245 1 0 _aNurjuvazi :
_bFetö ile mücadelenin kitabı /
_cEren Erdem.
246 _aFetö ile mücadelenin kitabı
250 _a5 bs.
260 _aİstanbul :
_bUlak yayıncılık ,
_c2018.
300 _a271 s.:
_c20 sm.
650 0 _95069
_aİslam ve siyaset
_xTürkiye
650 0 _9583
_aKapitalizm
_xDini açıdan
650 0 _95071
_aFetö (Fethullahçı Terör Örgütü)
_xTürkiye
740 _aFetö ile mücadelenin kitabı
856 _zDijital Nüshası için Partimizin Kütüphane Sorumlusu ile iletişime geçiniz.
942 _2ddc
_cBKS